000 00306nam a22001337a 4500
020 _aNA
082 _222
_a621.310422
100 _aKosow, Irving L.
245 _aElectric machinery and transformers /
250 _a2nd ed.
260 _bPrentice Hall,
_cc2005.
300 _a0
_bill. ;
942 _2ddc
_cEE
_01
999 _c4195
_d4195